01539nam a2200277 i 4500003000900000005001700009008004100026040004300067082001900110100003100129245028100160250001900441264004800460300004700508336002600555337002800581338002700609500028800636504005100924650003600975655001701011856009101028942001201119999001501131952011501146EG-ScBUE20250525122945.0250508s1985 ii a f b 001 0 eng d aEG-ScBUEbengerdacEG-ScBUEdEG-ScBUE04a533.7bLOE2221 aLoeb, Leonard B.,eauthor.14aThe kinetic theory of gases :bbeing a text and reference book whose purpose is to combine the classical deductions with recent experimental advances in a convenient form for student and investigator /cby Leonard B. Loeb, professor of physics in the University of California. aThird edition. 1aCalcutta : bRadha Publishing House,c1985. axxxii, 687 pages :billustrations ;c23 cm 2rdacontentatextbtxt aunmediated2rdamediabn avolumebnc2rdacarrier a"Unabridged republication of the 1961 Dover edition [3rd ed.], which reprinted the second (1934) edition of the work originally published by the McGraw-Hill Book Company, Inc. in 1927. The 1961 edition included a new preface and summary of recent progress by the author"--T.p. verso. aIncludes bibliographical references and index. 7aKinetic theory of gases.2BUEsh vReading book423Publisher descriptionuhttp://www.loc.gov/catdir/enhancements/fy0615/2003064722-d.html cBB2ddc c6628d6628 00104070aMAINbMAINc1STd2007-11-28ePurchasel0o533.7LOEp000008305r2025-07-15 00:00:00w2007-11-28yBB